Catalog

Record Details

Catalog Search



Ninth house  Cover Image Book Book

Ninth house / Leigh Bardugo.

Bardugo, Leigh, (author.).

Summary:

"Galaxy 'Alex' Stern is the most unlikely member of Yale's freshman class. Raised in the Los Angeles hinterlands by a hippie mom, Alex dropped out of school early and into a world of shady drug-dealer boyfriends, dead-end jobs, and much, much worse. In fact, by age twenty, she is the sole survivor of a horrific, unsolved multiple homicide. Some might say she's thrown her life away. But at her hospital bed, Alex is offered a second chance: to attend one of the world's most prestigious universities on a full ride. What's the catch, and why her? Still searching for answers, Alex arrives in New Haven tasked by her mysterious benefactors with monitoring the activities of Yale's secret societies. Their eight windowless 'tombs' are the well-known haunts of the rich and powerful, from high-ranking politicos to Wall Street's biggest players. But their occult activities are more sinister and more extraordinary than any paranoid imagination might conceive. They tamper with forbidden magic. They raise the dead. And, sometimes, they prey on the living." -- Provided by publisher.

Record details

  • ISBN: 9781250313072
  • ISBN: 1250313074
  • Physical Description: 458 pages : map ; 24 cm
  • Edition: First U.S. edition.
  • Publisher: New York, NY : Flatiron Books, 2019.

Content descriptions

Bibliography, etc. Note:
Includes bibliographical references.
Subject: Yale University > Fiction.
Women college students > Fiction.
Secret societies > Fiction.
Magic > Fiction.
Genre: Paranormal fiction.
Thrillers (Fiction)
Horror fiction.

Available copies

  • 1 of 1 copy available at scottsboropl.

Holds

  • 0 current holds with 1 total copy.
Show Only Available Copies
Location Call Number / Copy Notes Barcode Shelving Location Status Due Date
scottsboropl F Bar 32269001140808 Adult - Fiction Available -

LDR 02464nam a2200433 i 4500
001153069
003CONS
00520200107083757.0
008190427t20192019nyub b 000 1 eng
010 . ‡a 2019019855
020 . ‡a9781250313072 ‡q(hardcover)
020 . ‡a1250313074 ‡q(hardcover)
035 . ‡a(CPomAG)LMN615282
042 . ‡apcc
043 . ‡an-us-ct
05000. ‡aPS3602.A775325 ‡bN56 2019
08200. ‡a813/.6 ‡223
1001 . ‡aBardugo, Leigh, ‡eauthor.
24510. ‡aNinth house / ‡cLeigh Bardugo.
24630. ‡a9th house
250 . ‡aFirst U.S. edition.
264 1. ‡aNew York, NY : ‡bFlatiron Books, ‡c2019.
300 . ‡a458 pages : ‡bmap ; ‡c24 cm
336 . ‡atext ‡btxt ‡2rdacontent
337 . ‡aunmediated ‡bn ‡2rdamedia
338 . ‡avolume ‡bnc ‡2rdacarrier
504 . ‡aIncludes bibliographical references.
520 . ‡a"Galaxy 'Alex' Stern is the most unlikely member of Yale's freshman class. Raised in the Los Angeles hinterlands by a hippie mom, Alex dropped out of school early and into a world of shady drug-dealer boyfriends, dead-end jobs, and much, much worse. In fact, by age twenty, she is the sole survivor of a horrific, unsolved multiple homicide. Some might say she's thrown her life away. But at her hospital bed, Alex is offered a second chance: to attend one of the world's most prestigious universities on a full ride. What's the catch, and why her? Still searching for answers, Alex arrives in New Haven tasked by her mysterious benefactors with monitoring the activities of Yale's secret societies. Their eight windowless 'tombs' are the well-known haunts of the rich and powerful, from high-ranking politicos to Wall Street's biggest players. But their occult activities are more sinister and more extraordinary than any paranoid imagination might conceive. They tamper with forbidden magic. They raise the dead. And, sometimes, they prey on the living." -- ‡cProvided by publisher.
61020. ‡aYale University ‡vFiction.
650 0. ‡aWomen college students ‡vFiction.
650 0. ‡aSecret societies ‡vFiction.
650 0. ‡aMagic ‡vFiction.
655 7. ‡aParanormal fiction. ‡2lcgft
655 7. ‡aThrillers (Fiction) ‡2lcgft
655 7. ‡aHorror fiction. ‡2lcgft
8001 . ‡aBardugo, Leigh. ‡tAlex Stern ; ‡v1.
914 . ‡aSCP_LP
959 . ‡i32269001140808 ‡lF Bar ‡aAdult - Fiction ‡tHardback ‡g28.00
852 . ‡p32269001140808 ‡jF Bar ‡gAdult - Fiction ‡cHardback ‡y28.00 ‡bSBPL
901 . ‡a153069 ‡bUnknown ‡c153069 ‡tbiblio

Additional Resources